[Event "AUTO-OPEN-4614"]
[Site "http://www.queenalice.com/game.php?id=1862874"]
[Date "2025.9.11"]
[Round "1"]
[White "bmax"]
[Black "henriq19"]
[Result "1-0"]
[WhiteElo "2218"]
[BlackElo "2067"]

1. d4 Nf6 2. Nf3 e6 3. e3 d5 4. Bd3 Be7 5. b3 O-O 6. Bb2 Re8 7. Ne5 Nbd7 8. Nd2
c5 9. O-O Qc7 10. f4 a6 11. Rf3 Nf8 12. Rh3 b5 13. dxc5 Bxc5 14. g4 Qb6 15. g5
N6d7 16. Bxh7+ Nxh7 17. Qh5 Bxe3+ 18. Kf1 Bg1 19. Qxf7+ 1-0

[Event "AUTO-OPEN-4614"]
[Site "http://www.queenalice.com/game.php?id=1862917"]
[Date "2025.9.11"]
[Round "1"]
[White "bmax"]
[Black "IranSilva"]
[Result "0-1"]
[WhiteElo "2226"]
[BlackElo "2229"]

1. d4 d5 2. Nf3 Nf6 3. e3 c5 4. Bd3 Nc6 5. b3 Bg4 6. Bb2 cxd4 7. exd4 e6 8. O-O
Bd6 9. h3 Bh5 10. Nbd2 O-O 11. c4 dxc4 12. bxc4 Bf4 13. Ne4 Bg6 14. Nxf6+ Qxf6
15. Re1 Rfd8 16. Bxg6 Qxg6 17. Nh4 Qf6 18. Rb1 Qxh4 0-1

[Event "AUTO-OPEN-4614"]
[Site "http://www.queenalice.com/game.php?id=1862918"]
[Date "2025.9.11"]
[Round "1"]
[White "IranSilva"]
[Black "bmax"]
[Result "1/2-1/2"]
[WhiteElo "2252"]
[BlackElo "2213"]

1. Nf3 d5 2. d4 c6 3. c4 Nf6 4. Nc3 e6 5. e3 Bd6 6. Bd3 O-O 7. O-O Nbd7 8. cxd5
exd5 9. Bd2 Re8 10. a3 Ne4 11. b4 Ndf6 12. h3 a5 13. b5 a4 14. bxc6 bxc6 15.
Nxa4 Nxd2 16. Nxd2 Ne4 17. Bxe4 dxe4 18. Nc4 Bc7 19. Nc5 Qh4 20. f4 Bxh3 21.
gxh3 Qg3+ 22. Kh1 Qxh3+ 1/2-1/2

[Event "AUTO-OPEN-4615"]
[Site "http://www.queenalice.com/game.php?id=1863158"]
[Date "2025.9.19"]
[Round "1"]
[White "dida"]
[Black "bmax"]
[Result "0-1"]
[WhiteElo "1532"]
[BlackElo "2214"]

1. e4 d6 2. Nc3 Nf6 3. h3 e5 4. Nf3 Nbd7 5. Bc4 Be7 6. O-O O-O 7. d3 c6 8. Be3
b5 9. Bb3 a5 10. Ng5 a4 11. Bxf7+ Rxf7 0-1

[Event "AUTO-OPEN-4615"]
[Site "http://www.queenalice.com/game.php?id=1863159"]
[Date "2025.9.19"]
[Round "1"]
[White "bmax"]
[Black "dida"]
[Result "1-0"]
[WhiteElo "2226"]
[BlackElo "1514"]

1. d4 d5 2. Nf3 h6 3. e3 Nc6 4. Bd3 Nf6 5. b3 Be6 6. Bb2 Qd6 7. O-O Ng4 8. c4
dxc4 9. bxc4 Nb4 10. c5 Qd5 11. Qa4+ Nc6 12. Nc3 Qd7 13. Bb5 f6 14. Rad1 Bd5 15.
e4 Bxe4 16. Nxe4 g5 17. d5 O-O-O 18. dxc6 Qe6 19. Qxa7 Rxd1 20. Qa8# 1-0

[Event "AUTO-OPEN-4615"]
[Site "http://www.queenalice.com/game.php?id=1863186"]
[Date "2025.9.19"]
[Round "1"]
[White "bmax"]
[Black "SGF"]
[Result "1-0"]
[WhiteElo "2216"]
[BlackElo "1864"]

1. d4 e6 2. Nf3 Qf6 3. e3 d5 4. Bd3 Be7 5. b3 a5 6. Bb2 Bb4+ 7. c3 Bd6 8. c4
Bb4+ 9. Nbd2 Ne7 10. a3 Bxd2+ 11. Qxd2 c6 12. O-O h5 13. e4 h4 14. h3 a4 15. e5
Qh6 16. Qb4 axb3 17. a4 Nf5 18. Ba3 Na6 19. Qxb3 g5 20. cxd5 cxd5 21. Qb5+ Kd8
22. Qb6+ Nc7 23. Rac1 Rxa4 24. Qxc7+ Ke8 25. Bb5+ Bd7 26. Qxd7# 1-0

[Event "AUTO-OPEN-4615"]
[Site "http://www.queenalice.com/game.php?id=1863187"]
[Date "2025.9.19"]
[Round "1"]
[White "SGF"]
[Black "bmax"]
[Result "0-1"]
[WhiteElo "1845"]
[BlackElo "2225"]

1. e4 c6 2. Qf3 d5 3. d3 dxe4 4. Qxe4 Nf6 5. Qf3 Bg4 6. Qg3 e6 7. Bg5 Qa5+ 8.
Bd2 Qd8 9. f3 Bf5 10. Nc3 Bd6 11. Qxg7 Rg8 12. Qh6 Nbd7 13. Bg5 Qb6 14. b3 Bf8
15. Qh4 Be7 16. Na4 Qa5+ 17. c3 Qe5+ 18. Kd2 O-O-O 19. g4 Bg6 20. d4 Qa5 21. Ne2
Ne4+ 22. Ke1 Bxg5 23. Qh3 Bd2+ 24. Kd1 Nf2+ 25. Kxd2 Nxh3 26. Bxh3 e5 27. g5
exd4 28. Nxd4 Qd5 29. b4 Qxg5+ 30. Ke2 Qh4 31. Bxd7+ Rxd7 32. Nc5 Re8+ 33. Kd2
Qf2+ 34. Kc1 Rxd4 35. Rd1 Qc2# 0-1

[Event "AUTO-OPEN-4615"]
[Site "http://www.queenalice.com/game.php?id=1863188"]
[Date "2025.9.19"]
[Round "1"]
[White "bmax"]
[Black "game"]
[Result "1-0"]
[WhiteElo "2215"]
[BlackElo "1679"]

1. d4 d5 2. Nf3 Bf5 3. e3 c6 4. c4 e6 5. Bd3 Qf6 6. O-O dxc4 7. Bxc4 Be4 8. Nbd2
Bxf3 9. Nxf3 Bb4 10. Qb3 a5 11. a3 a4 12. Qxb4 Na6 13. Qxb7 Rd8 14. Qxc6+ Kf8
15. Qxa6 Ne7 16. Qxa4 g5 17. e4 Kg7 18. Bxg5 Qg6 19. Bxe7 Ra8 20. Qc2 Ra7 21.
Bc5 Rc7 22. b4 h5 23. Rfe1 h4 24. h3 Rg8 25. Nxh4 Qg5 26. Nf3 Qg6 27. Qd2 Kh7
28. g3 Qh6 29. Qxh6+ 1-0

[Event "AUTO-OPEN-4615"]
[Site "http://www.queenalice.com/game.php?id=1863189"]
[Date "2025.9.19"]
[Round "1"]
[White "game"]
[Black "bmax"]
[Result "0-1"]
[WhiteElo "1677"]
[BlackElo "2217"]

1. e4 d6 2. Nf3 Nf6 3. d4 Nxe4 4. Bd3 Nf6 5. Ng5 h6 6. Ne4 Nbd7 7. O-O Nxe4 8.
Bxe4 Nf6 9. c3 Nxe4 10. Bf4 Nf6 11. Re1 g5 12. Bg3 Bg4 13. f3 Bf5 14. f4 gxf4
15. Bh4 e6 16. Qa4+ Qd7 17. Qb4 Bg7 18. Qxb7 O-O 19. Qf3 Nd5 20. g4 fxg3 21.
Qxg3 Rab8 22. Re2 c5 23. c4 Ne7 24. Rg2 Ng6 25. Nc3 Bxd4+ 26. Kh1 Qc6 27. Re1
Rxb2 28. Re2 Rfb8 29. Nd1 Rxe2 0-1

[Event "AUTO-OPEN-4575"]
[Site "http://www.queenalice.com/game.php?id=1863520"]
[Date "2025.9.28"]
[Round "2"]
[White "Takeda"]
[Black "bmax"]
[Result "0-1"]
[WhiteElo "1980"]
[BlackElo "2246"]

1. e4 c6 2. Nf3 d5 3. exd5 cxd5 4. Bb5+ Bd7 5. Bxd7+ Nxd7 6. O-O Ngf6 7. d4 e6
8. Nc3 Bd6 9. Nb5 Be7 10. Bf4 O-O 11. Re1 Qb6 12. Qe2 a6 13. Nc3 Qxb2 14. Qd3
Rfc8 15. Bd2 Qa3 16. Rab1 b5 17. Rb3 Qd6 18. a3 Rc4 19. Ne5 Qc7 20. Qh3 Rxd4 21.
Bc1 Nxe5 22. f4 Nc4 23. Be3 Nxe3 24. Qxe3 Rxf4 0-1

[Event "AUTO-OPEN-4575"]
[Site "http://www.queenalice.com/game.php?id=1863521"]
[Date "2025.9.28"]
[Round "2"]
[White "bmax"]
[Black "Takeda"]
[Result "1/2-1/2"]
[WhiteElo "2250"]
[BlackElo "1991"]

1. d4 g6 2. Bf4 Bg7 3. Nc3 Nf6 4. e4 d6 5. Qd2 Nc6 6. O-O-O O-O 7. f3 Bd7 8.
Nge2 e5 9. Bh6 exd4 10. Nxd4 Nxd4 11. Qxd4 Bxh6+ 12. Kb1 Bg7 13. h4 Qe7 14. Qe3
Rfe8 15. g4 Nxg4 16. fxg4 Bxg4 17. Re1 Bxc3 18. Qxc3 c6 19. h5 Qe5 20. hxg6 fxg6
21. Qb3+ Be6 22. Qxb7 Bxa2+ 23. Kxa2 Qa5+ 24. Kb1 Qxe1+ 25. Ka2 Qa5+ 26. Kb1
Qe1+ 1/2-1/2

[Event "AUTO-OPEN-4575"]
[Site "http://www.queenalice.com/game.php?id=1863524"]
[Date "2025.9.28"]
[Round "2"]
[White "gizmokaka"]
[Black "bmax"]
[Result "1-0"]
[WhiteElo "2801"]
[BlackElo "2242"]

1. c4 c6 2. d4 d5 3. Nf3 Nf6 4. e3 Bg4 5. h3 Bxf3 6. Qxf3 e6 7. Nc3 Bb4 8. Bd3
Nbd7 9. cxd5 cxd5 10. Bd2 O-O 11. O-O Re8 12. a3 Bd6 13. g4 Nb6 14. Nb5 Bb8 15.
Qg2 a6 16. Nc3 Nc4 17. Bxc4 dxc4 18. Qxb7 Ra7 19. Qg2 e5 20. Ne2 exd4 21. Nxd4
Ne4 22. Bb4 a5 23. Bc3 Rb7 24. Rad1 Qc8 25. a4 Rd7 26. Bxa5 Ra7 27. Bc3 Rxa4 28.
Nf5 Nxc3 29. bxc3 Be5 30. Nd6 Bxd6 31. Rxd6 h6 32. Rfd1 Ra3 33. Rc6 Qb7 34. Rxc4
Qb3 35. Qd5 1-0

[Event "AUTO-OPEN-4617"]
[Site "http://www.queenalice.com/game.php?id=1863723"]
[Date "2025.10.2"]
[Round "1"]
[White "bmax"]
[Black "ricardoaurelio"]
[Result "1-0"]
[WhiteElo "2229"]
[BlackElo "2054"]

1. d4 d5 2. Nc3 Nf6 3. Bf4 e6 4. Nb5 Bd6 5. Nxd6+ cxd6 6. e3 O-O 7. c3 h6 8. Nf3
Nc6 9. Bd3 a6 10. Qc2 Re8 11. Bg3 e5 12. Be2 e4 13. Nh4 Re7 14. f3 b5 15. fxe4
Rxe4 16. O-O Rxe3 17. Rae1 Re6 18. Bd3 Qe8 19. Rxe6 Qxe6 20. Nf5 Ne8 21. Bh4 g5
22. Bg3 Qf6 23. Nxd6 Qd8 24. Bh7+ Kg7 25. Rxf7+ Kh8 26. Rf8+ Kg7 27. Qg6+ Kxf8
28. Qf7# 1-0

[Event "AUTO-OPEN-4617"]
[Site "http://www.queenalice.com/game.php?id=1863724"]
[Date "2025.10.2"]
[Round "1"]
[White "ricardoaurelio"]
[Black "bmax"]
[Result "0-1"]
[WhiteElo "2045"]
[BlackElo "2236"]

1. e4 c6 2. Nc3 d5 3. d3 d4 4. Nce2 e5 5. c3 c5 6. c4 Nc6 7. Nf3 Be7 8. h3 Nf6
9. a3 O-O 10. Bd2 Rb8 11. a4 a6 12. Rb1 b5 13. axb5 axb5 14. b3 bxc4 15. bxc4
Rxb1 16. Qxb1 Be6 17. Nc1 Nd7 18. Be2 Nb6 19. O-O f5 20. Qb5 Qc7 21. Ng5 Bd7 22.
exf5 Bxg5 23. Bxg5 Nb4 24. Qa5 Ra8 25. Qxa8+ Nxa8 26. Nb3 Bxf5 27. Rd1 e4 28.
dxe4 Bxe4 29. Ra1 Nb6 30. Ra5 Nd7 31. Bg4 h6 32. Be7 Nc6 33. Ra8+ Kh7 34. Bxd7
Nxe7 0-1

[Event "AUTO-OPEN-4617"]
[Site "http://www.queenalice.com/game.php?id=1863727"]
[Date "2025.10.2"]
[Round "1"]
[White "bmax"]
[Black "game"]
[Result "1-0"]
[WhiteElo "2227"]
[BlackElo "1696"]

1. d4 d5 2. Nc3 Nc6 3. e4 Nb4 4. a3 Nc6 5. exd5 Na5 6. b4 e6 7. bxa5 exd5 8. Bd3
c6 9. Bf4 Bd6 10. Bxd6 Qxd6 11. Nf3 f5 12. Qe2+ Ne7 13. O-O f4 14. Ng5 h6 15.
Qh5+ g6 16. Qh4 Nf5 17. Rae1+ Kd8 18. Nf7+ Kd7 19. Bxf5+ gxf5 20. Nxd6 Kxd6 21.
Qe7# 1-0

[Event "AUTO-OPEN-4617"]
[Site "http://www.queenalice.com/game.php?id=1863728"]
[Date "2025.10.2"]
[Round "1"]
[White "game"]
[Black "bmax"]
[Result "0-1"]
[WhiteElo "1633"]
[BlackElo "2228"]

1. e4 c6 2. d4 d5 3. Nf3 dxe4 4. Ng5 Nf6 5. Bc4 e6 6. Nc3 Bb4 7. Qd2 h6 8. a3
Bxc3 9. bxc3 hxg5 10. Qxg5 Rg8 11. O-O b5 12. Bb3 Nbd7 13. a4 Qa5 14. Bd2 Qc7
15. Bf4 Qb6 16. a5 Qd8 17. c4 bxc4 18. Bxc4 a6 19. Be5 Nxe5 20. Rad1 Nxc4 21. f4
Ne3 22. d5 Nxd1 23. Rxd1 cxd5 24. Qe5 Qxa5 25. f5 Qc5+ 26. Kh1 Ng4 27. Qf4 Nf2+
28. Kg1 Nh3+ 0-1

[Event "AUTO-OPEN-4621"]
[Site "http://www.queenalice.com/game.php?id=1864785"]
[Date "2025.10.28"]
[Round "1"]
[White "WoodpusherKid"]
[Black "bmax"]
[Result "1-0"]
[WhiteElo "2554"]
[BlackElo "2251"]

1. c4 c6 2. Nc3 d5 3. d4 Nf6 4. e3 e6 5. Nf3 Bd6 6. Bd3 O-O 7. O-O Nbd7 8. h3
dxc4 9. Bxc4 b5 10. Bd3 Re8 11. e4 e5 12. dxe5 Nxe5 13. Nxe5 Bxe5 14. Be3 Be6
15. Rc1 a5 16. Qe2 b4 17. Na4 Bxa2 18. Rxc6 Re6 19. Rcc1 Rc8 20. Nc5 Rec6 21.
Rfd1 Bxb2 22. Qxb2 Be6 23. Ba6 1-0

[Event "AUTO-OPEN-4621"]
[Site "http://www.queenalice.com/game.php?id=1864786"]
[Date "2025.10.28"]
[Round "1"]
[White "bmax"]
[Black "WoodpusherKid"]
[Result "0-1"]
[WhiteElo "2254"]
[BlackElo "2558"]

1. d4 d5 2. Bf4 Nf6 3. e3 e6 4. Nf3 c5 5. c3 Bd6 6. Bg3 O-O 7. Nbd2 Qc7 8. Bd3
Nbd7 9. O-O b6 10. Re1 Bb7 11. Bxd6 Qxd6 12. e4 dxe4 13. Nxe4 Bxe4 14. Bxe4 Nxe4
15. Rxe4 Rfd8 16. Ng5 Nf6 17. Rh4 e5 18. Qc2 cxd4 19. Nxh7 d3 20. Nxf6+ Qxf6 0-1

[Event "AUTO-OPEN-4621"]
[Site "http://www.queenalice.com/game.php?id=1864814"]
[Date "2025.10.28"]
[Round "1"]
[White "bmax"]
[Black "Takeda"]
[Result "1-0"]
[WhiteElo "2248"]
[BlackElo "2061"]

1. d4 g6 2. Nc3 Bg7 3. Bf4 d6 4. Nf3 Nf6 5. h3 O-O 6. e4 Nbd7 7. e5 dxe5 8. dxe5
Ne8 9. h4 b6 10. h5 Bb7 11. hxg6 fxg6 12. Bc4+ Kh8 13. Ng5 1-0

[Event "AUTO-OPEN-4621"]
[Site "http://www.queenalice.com/game.php?id=1864831"]
[Date "2025.10.28"]
[Round "1"]
[White "cerenzo72"]
[Black "bmax"]
[Result "0-1"]
[WhiteElo "2133"]
[BlackElo "2256"]

1. c4 c6 2. e4 d5 3. exd5 cxd5 4. d4 Nf6 5. Nc3 Nc6 6. Nf3 Bg4 7. cxd5 Nxd5 8.
Qb3 Bxf3 9. gxf3 e6 10. Bb5 Bd6 11. Nxd5 exd5 12. Be3 O-O 13. O-O-O Qc8 14. Kb1
Qf5+ 15. Bd3 Qxf3 16. h4 Nb4 17. h5 Nxd3 18. Qxd3 Rfe8 19. Rdg1 Bf4 20. Qf5 Qe4+
21. Qxe4 Rxe4 22. Rg4 Bxe3 23. Rxe4 dxe4 24. fxe3 Rc8 25. Rf1 f6 26. Rf4 Re8 27.
Kc2 Kf7 28. Kc3 g5 29. Rg4 h6 30. Kc4 f5 31. Rg1 f4 32. exf4 gxf4 33. d5 e3 34.
Kd3 e2 35. Re1 f3 0-1

[Event "AUTO-OPEN-4621"]
[Site "http://www.queenalice.com/game.php?id=1864832"]
[Date "2025.10.28"]
[Round "1"]
[White "bmax"]
[Black "cerenzo72"]
[Result "1-0"]
[WhiteElo "2248"]
[BlackElo "2129"]

1. d4 Nf6 2. Bf4 d6 3. e3 g6 4. Nf3 Bg7 5. h3 Nc6 6. c4 O-O 7. Nc3 a6 8. Be2 Bf5
9. Nh4 Bd7 10. Bh2 e6 11. O-O b5 12. b3 bxc4 13. bxc4 Rb8 14. Nf3 Qe7 15. Qd2
Rb7 16. Rab1 Rfb8 17. Rxb7 Rxb7 18. d5 exd5 19. cxd5 Nb4 20. a3 Nfxd5 21. Nxd5
Nxd5 22. Qxd5 c6 23. Qxd6 Qxd6 24. Bxd6 Rb2 25. Bxa6 1-0

[Event "AUTO-OPEN-4612"]
[Site "http://www.queenalice.com/game.php?id=1865787"]
[Date "2025.11.19"]
[Round "2"]
[White "bmax"]
[Black "CCapivara"]
[Result "1-0"]
[WhiteElo "2263"]
[BlackElo "2251"]

1. d4 d6 2. Nf3 Nf6 3. e3 c6 4. Bd3 Bg4 5. Nbd2 Nbd7 6. b3 e5 7. Bb2 Bxf3 8.
Qxf3 Be7 9. O-O O-O 10. Qh3 h6 11. f4 exf4 12. Rxf4 Nd5 13. Rg4 Bg5 14. Nf3
Bxe3+ 15. Kh1 f5 16. Rg6 Nf4 17. Qxh6 Nxg6 18. Qxg6 Rf6 19. Qh5 Qf8 20. Re1 Rh6
21. Qxf5 Bf4 22. Qxd7 Bxh2 23. Nxh2 Qf4 24. Re8+ Rxe8 25. Qxe8+ Qf8 26. Qxf8+
Kxf8 27. Kg1 Ke7 28. Nf3 1-0

[Event "AUTO-OPEN-4612"]
[Site "http://www.queenalice.com/game.php?id=1865788"]
[Date "2025.11.19"]
[Round "2"]
[White "CCapivara"]
[Black "bmax"]
[Result "0-1"]
[WhiteElo "2263"]
[BlackElo "2251"]

1. e4 c6 2. d4 d5 3. exd5 cxd5 4. Nf3 Nc6 5. Bd3 Bg4 6. c3 e6 7. O-O Bd6 8. Be3
Nge7 9. Nbd2 h6 10. Qc2 a5 11. h3 Bh5 12. Rae1 a4 13. g4 Bg6 14. Bxg6 Nxg6 15.
Re2 h5 16. g5 O-O 17. h4 Nce7 18. Rfe1 Nf5 19. Nf1 Nfxh4 20. Nxh4 Nxh4 21. Rd1
f6 22. g6 Nf3+ 23. Kg2 f5 24. Kxf3 f4 25. Bc1 Qh4 26. Nh2 Qh3# 0-1

[Event "AUTO-OPEN-4612"]
[Site "http://www.queenalice.com/game.php?id=1865790"]
[Date "2025.11.19"]
[Round "2"]
[White "IranSilva"]
[Black "bmax"]
[Result "1-0"]
[WhiteElo "2244"]
[BlackElo "2264"]

1. Nf3 d5 2. d4 c6 3. Bf4 Nf6 4. e3 Bf5 5. Bd3 Bxd3 6. Qxd3 e6 7. Nbd2 Bd6 8.
Bxd6 Qxd6 9. O-O O-O 10. e4 Nxe4 11. Nxe4 dxe4 12. Qxe4 Nd7 13. Rfd1 Nf6 14. Qh4
h6 15. Nd2 Qb4 16. Nb3 Rad8 17. c3 Qc4 18. Rd2 b6 19. Re1 a5 20. Re3 c5 21. Rg3
Kh7 22. Rdd3 Rg8 23. Rdf3 Qe2 24. h3 g5 25. Rxg5 Rxg5 26. Rxf6 Rxg2+ 27. Kxg2
Rg8+ 28. Kh2 1-0